Analogías en el arte, la literatura y el pensamiento del exilio español de 1939 / (Record no. 179236)

MARC details
000 -LEADER
campo de control de longitud fija 01511nam a2200337 4500
001 - NÚMERO DE CONTROL
campo de control 179236
003 - IDENTIFICADOR DE NÚMERO DE CONTROL
campo de control ES-MaACL
005 - FECHA Y HORA DE LA ÚLTIMA TRANSACCIÓN
campo de control 20251204171333.0
008 - DATOS DE LONGITUD FIJA--INFORMACIÓN GENERAL
campo de control de longitud fija 111011s2010 sp acop |||| |dspa d
020 ## - NÚMERO INTERNACIONAL ESTÁNDAR DEL LIBRO
Número Internacional Estándar del Libro 978-84-00-09148-4
080 ## - NÚMERO DE LA CLASIFICACIÓN DECIMAL UNIVERSAL
Número de la Clasificación Decimal Universal 929-054.7(=1.460:100)"1939/75"
080 ## - NÚMERO DE LA CLASIFICACIÓN DECIMAL UNIVERSAL
Número de la Clasificación Decimal Universal 929-054.7(=1.460:100):008
080 ## - NÚMERO DE LA CLASIFICACIÓN DECIMAL UNIVERSAL
Número de la Clasificación Decimal Universal 7.036(460)
080 ## - NÚMERO DE LA CLASIFICACIÓN DECIMAL UNIVERSAL
Número de la Clasificación Decimal Universal 821.134.2.09"19"
245 00 - MENCIÓN DEL TÍTULO
Título Analogías en el arte, la literatura y el pensamiento del exilio español de 1939 /
Mención de responsabilidad, etc. Miguel Cabañas Bravo, Dolores Fernández Martínez, Noemi de Haro García, Idoia Murga Castro (coordinadores).
260 ## - PUBLICACIÓN, DISTRIBUCIÓN, ETC.
Lugar de publicación, distribución, etc. Madrid :
Nombre del editor, distribuidor, etc. Grupo de Investigación de Historia del Arte, Imagen y Patrimonio Artístico, Consejo Superior de Investigación Científicas,
Fecha de publicación, distribución, etc. 2010.
300 ## - DESCRIPCIÓN FÍSICA
Extensión 371 p. :
Otras características físicas il., fot. ;
Dimensiones 28 cm.
490 1# - MENCIÓN DE SERIE
Mención de serie Biblioteca de historia del arte ;
Designación de volumen o secuencia 18
500 ## - NOTA GENERAL
Nota general Índice onomástico.
504 ## - NOTA DE BIBLIOGRAFÍA, ETC.
Nota de bibliografía, etc. Referencias bibliográficas.
650 07 - PUNTO DE ACCESO ADICIONAL DE MATERIA--TÉRMINO DE MATERIA
Término de materia o nombre geográfico como elemento de entrada Exiliados españoles-
Subdivisión cronológica 1939-1975.
9 (RLIN) 12658
650 #7 - PUNTO DE ACCESO ADICIONAL DE MATERIA--TÉRMINO DE MATERIA
Término de materia o nombre geográfico como elemento de entrada Exiliados españoles-
Subdivisión general Vida intelectual.
9 (RLIN) 143431
650 07 - PUNTO DE ACCESO ADICIONAL DE MATERIA--TÉRMINO DE MATERIA
Término de materia o nombre geográfico como elemento de entrada Arte español-
Subdivisión cronológica S.XX.
9 (RLIN) 10202
650 #7 - PUNTO DE ACCESO ADICIONAL DE MATERIA--TÉRMINO DE MATERIA
Término de materia o nombre geográfico como elemento de entrada Literatura española-
Subdivisión general Autores exiliados-
-- Historia y crítica.
9 (RLIN) 14552
700 1# - ENTRADA AGREGADA--NOMBRE PERSONAL
Nombre de persona Cabañas Bravo, Miguel,
Fechas asociadas al nombre 1963-
9 (RLIN) 173882
710 2# - ENTRADA AGREGADA--NOMBRE DE ENTIDAD CORPORATIVA
Nombre de entidad corporativa o nombre de jurisdicción como elemento de entrada Consejo Superior de Investigaciones Científicas (España)
9 (RLIN) 3236
830 0# - PUNTO DE ACCESO ADICIONAL DE SERIE-TÍTULO UNIFORME
Título uniforme Biblioteca de historia del arte ;
Designación de volumen o secuencia 18
9 (RLIN) 191071
852 ## - LOCALIZACIÓN
Ubicación ES-MaACL
Número de control de estantería A-11616
itemnumber 186116
Sublocalización o colección R.146581
Ubicación en estantería Depósito 1
Signatura antigua Olim: N-4621
942 ## - ELEMENTOS DE ENTRADA SECUNDARIOS (KOHA)
Fuente del sistema de clasificación o colocación Clasificación decimal universal
Tipo de ítem Koha Libro impreso
Holdings
Estatus retirado Estado de pérdida Fuente del sistema de clasificación o colocación Estado de daño No para préstamo Biblioteca de origen Biblioteca actual Ubicación en estantería Fecha de adquisición Fuente de adquisición Total de préstamos Signatura topográfica completa Código de barras Visto por última vez Precio de reemplazo Tipo de ítem Koha
    Clasificación decimal universal     Biblioteca del Ateneo de Madrid Biblioteca del Ateneo de Madrid Depósito 1 11/10/2011 Donación   A-11616 1188285 23/02/2023 23/02/2023 Libro impreso